Responses for Show #6754 - Thursday, January 16, 2014

Sarah McNitt game 3.

Contestants

[<< previous game]

Stacy Meyers, a graduate student of education from Fredericksburg, Virginia

Gudrun Juffer, a law clerk originally from Milwaukee, Wisconsin

Sarah McNitt, a study-abroad advisor originally from Ann Arbor, Michigan (whose 2-day cash winnings total $28,400)

[next game >>]

Jeopardy! Round responses

CEREAL CHARACTERS
BEETHOVEN
WHAT'S YOUR SIGN, BABY?
NO VOWEL BUT Y
A NOVEL CATEGORY
THROWN OF GAMES
    $200 6
Snap, Crackle, and Pop

Sarah
    $200 26
hearing

Gudrun
    $200 11
(Sarah: What is Capricorn?)

Aries

SarahStacy
    $200 12
rhythm

Sarah
    $200 1
Lord of the Flies

Sarah
    $200 5
football

Sarah
    $400 7
a cuckoo

Stacy
    $400 27
9th

Stacy
    $400 13
Cancer

Sarah
    $400 15
Styx

Stacy
    $400 2
Around the World in Eighty Days

Sarah
    $400 22
javelin

Sarah
    $600 8
a rabbit

Stacy
    $600 28
Vienna

Stacy
    $600 14
Gemini

Gudrun
    $600 18
wry

Sarah
    $600 3
The Alchemist

Gudrun
    $600 23
the hard way

Triple Stumper
    $800 9
a rooster

Gudrun
    $1,000 29
[The end-of-round signal sounds.]

Orpheus

Stacy
    $800 16
Libra

Sarah
    $800 19
myrrh

Gudrun
    $800 4
A Farewell to Arms

Triple Stumper
    $800 24
(Gudrun: Who is Pete Rose?)
(Stacy: Who is Curt Schilling?)
(Sarah: Who is Mark McGwire?)
...
(Alex: Obviously we are hoping that baseball does not come up as a topic in the second round.)
[Laughter]

Roger Clemens

SarahGudrunStacy
Triple Stumper
    $1000 10
...
(Alex: Yes. [*] Charms.)

Lucky

Sarah
    $1000 17
Pisces

Triple Stumper
    $1000 20
spry

Sarah
    $1000 21
Bernadette

Triple Stumper
    $1000 25
(Alex: [As Stacy selects BEETHOVEN for $200] With less than a minute to go.)

caber toss

Stacy

Scores at the first commercial break (after clue 15):

Sarah Gudrun Stacy
$2,400 $2,000 $1,600

Scores at the end of the Jeopardy! Round:

Sarah Gudrun Stacy
$4,400 $2,200 $3,800

Double Jeopardy! Round responses

SCIENCE FICTION MOVIES
THE FLY
CLOSE ENCOUNTERS OF THE THIRD KIND
BLADE RUNNER
METROPOLIS
"IN"CEPTION
    $400 13
Independence Day

Gudrun
    $400 1
2

Triple Stumper
    $400 8
reich

Sarah
    $400 18
(Stacy: What are ice skates?)
(Alex: What kind?)
(Stacy: figure ice skates?)
(Alex: That's it, [*].)

figure skates

Stacy
    $400 20
Bangkok

Gudrun
    $400 3
installment plan

Triple Stumper
    $800 14
Pacific Rim

Sarah
    $800 2
lens

Stacy
    $800 9
estate

Stacy
    $1,000 19
(Stacy: I don't know.)
(Alex: He's asked to throw [*], the sword, into the sea.)

Excalibur

Stacy
    $4,200 21
(Gudrun: What is San Antonio?)

San Diego

Gudrun
    $800 4
intravenous

Sarah
    $1200 15
Elysium

Sarah
    $1200 10
Carthage

Stacy
    $1200 23
(Stacy: What is Don't Run with Scissors?)

Running with Scissors

GudrunStacy
    $1200 22
(Alex: With less than a minute to go.)

Kiev

Sarah
    $1200 5
invisible

Sarah
    $1600 16
HAL

Stacy
    $1600 11
1912

Gudrun
    $1600 24
Johannesburg

Sarah
    $1600 6
infertile

Gudrun
    $2000 17
(Gudrun: What is The Fifth Element?)

12 Monkeys

Gudrun
Triple Stumper
    $2000 12
Barbarossa (or Frederick I)

Stacy
    $2000 26
[The end-of-round signal sounds.]

Siegfried

Stacy
    $2000 25
Montevideo

Triple Stumper
    $2000 7
in vino veritas

Sarah

Scores at the end of the Double Jeopardy! Round:

Sarah Gudrun Stacy
$13,600 $1,200 $10,400

[wagering suggestions for these scores]

Final Jeopardy! Round responses

SHAKESPEARE
GudrunWhat is Henry?
$1,100
StacyWhat is Romeo
$7,600
SarahWhat is Paris? Henry?
$4,000
Henry

Final scores:

Sarah Gudrun Stacy
$17,600 $2,300 $2,800
3-day champion: $46,000 3rd place: $1,000 2nd place: $2,000

Game dynamics:

Coryat scores:

Sarah Gudrun Stacy
$13,600 $5,400 $11,200
19 R,
2 W
10 R,
3 W
(including 1 DD)
15 R
(including 1 DD),
3 W
(including 1 DD)

Combined Coryat: $30,200

[game clues] [game scores] [suggest correction]

Game tape date: 2013-11-06
The J! Archive is created by fans, for fans. Scraping, republication, monetization, and malicious use prohibited; this site may use cookies and collect identifying information. See terms. The Jeopardy! game show and all elements thereof, including but not limited to copyright and trademark thereto, are the property of Jeopardy Productions, Inc. and are protected under law. This website is not affiliated with, sponsored by, or operated by Jeopardy Productions, Inc. Join the discussion at JBoard.tv.